|
|
|
|
| LEADER |
01082nam a2200277 u 4500 |
| 001 |
10021942 |
| 003 |
upatras |
| 005 |
20210117205613.0 |
| 008 |
990123s1987 us eng |
| 020 |
|
|
|a 0674458192
|
| 040 |
|
|
|a GR-PaULI
|c GR-PaULI
|
| 041 |
0 |
|
|a eng
|
| 082 |
0 |
4 |
|a 128.3
|
| 100 |
1 |
|
|a Bratman, Michael
|9 86922
|
| 245 |
1 |
0 |
|a Intention, plans, and practical reason
|c Michael E. Bratman
|
| 260 |
|
|
|a Cambridge
|b Harvard University Press
|c 1987
|
| 300 |
|
|
|a viii, 200 p.
|c 25 cm.
|
| 500 |
|
|
|a Includes index
|
| 504 |
|
|
|a Includes index and bibliography
|
| 650 |
|
4 |
|a Επιστημολογία
|x Ανθρώπινη σκέψη
|9 31523
|
| 650 |
|
4 |
|a Νόηση
|9 421
|
| 852 |
|
|
|a GR-PaULI
|b ΠΑΤΡΑ
|b ΦΙΛΟΛΟΓΙΑ
|k ΑΣΧΞ
|h 128.3 B
|m 043474
|p 025000056503
|t 1
|
| 942 |
|
|
|2 ddc
|c BK15
|
| 952 |
|
|
|0 0
|1 0
|2 ddc
|4 0
|6 128_300000000000000_B
|7 0
|9 185384
|a LISP
|b LISP
|c BSC
|d 2016-04-24
|i 043474
|l 0
|o 128.3 B
|p 025000056503
|r 2016-04-24 00:00:00
|t 1
|w 2016-04-24
|y BK15
|x Μεταφορά Τμήματος Φιλολογίας
|
| 998 |
|
|
|c ΗΛΙΟΠΟΥΛΟΥ
|d 1999-05
|
| 999 |
|
|
|c 114211
|d 114211
|